| 000 | 01028nac a22003257a 4500 | ||
|---|---|---|---|
| 001 | BR0402073 | ||
| 003 | BR-BrBNA | ||
| 005 | 20240105122959.0 | ||
| 008 | 230509b bl.|||m| |||| 00| 0 por d | ||
| 040 |
_aBR-BrBNA _bpor _cBiblioteca Nacional de Agricultura |
||
| 072 | _aE16 | ||
| 090 | _a0150 BR0402073 | ||
| 100 | 1 | _aFerreira, C.M. | |
| 100 | 1 | _aGameiro, A.H. | |
| 100 | 1 | _aVillar, P.M. del | |
| 100 | 1 | _aAlmeida, P.N.A. de | |
| 110 | 1 |
_aEMBRAPA Arroz e Feijão, Santo Antônio de Goiás (Brasil) _93570 |
|
| 245 | 1 | _aPadrões tecnológicos e econômicos do arroz de terras altas | |
| 260 | 3 |
_aSanto Antônio de Goiás, GO (Brasil): _c2002. |
|
| 300 | _a4 p. | ||
| 490 |
_aComunicado Técnico - EMBRAPA Arroz e Feijão (Brazil) _vno. 52 _xISSN 1677-910X |
||
| 650 | _aARROZ | ||
| 650 | _aGRÃO | ||
| 650 | _aESTATÍSTICA DE PRODUÇÃO | ||
| 650 | _aQUALIDADE | ||
| 650 | _aTRANSFERÊNCIA DE TECNOLOGIA | ||
| 650 | _aMERCADO | ||
| 909 |
_a202312 _bLúcia Elande _c55 _dLúcia Elande |
||
| 942 |
_2AGRIS _n0 _cMS |
||
| 999 |
_c293538 _d293538 |
||